[Event "Kurikka We KurVi A"]
[Site "Kurikka"]
[Date "2016.05.22"]
[Round "5"]
[White "Palenius, Jarmo"]
[Black "Julkunen, Tapio"]
[Result "1-0"]
[WhiteElo "1841"]
[BlackElo "1942"]
[PlyCount "55"]
[EventDate "2016.05.21"]
[EventType "swiss"]
[EventRounds "5"]
[EventCountry "FIN"]
[SourceTitle "EXT 2022"]
[Source "ChessBase"]
[SourceDate "2021.10.06"]
[SourceVersion "1"]
[SourceVersionDate "2021.10.06"]
[SourceQuality "1"]

1. d4 d5 2. c4 e6 3. Nc3 Nf6 4. Bg5 Be7 5. Nf3 c6 6. e3 Nbd7 7. Rc1 a6 8. cxd5 exd5 9. Bd3 0-0 10. 0-0 Re8 11. Qc2 h6 12. Bh4 Qc7 13. Rfe1 Bd6 14. Bf5 Qb8 15. e4 dxe4 16. Nxe4 Nxe4 17. Bxe4 Kf8 18. Bxc6 Rxe1+ 19. Rxe1 Kg8 20. Re8+ Nf8 21. Be4 Qc7 22. Qxc7 Bxc7 23. Be7 f5 24. Rxf8+ Kh7 25. Bxf5+ Bxf5 26. Rxa8 Be4 27. Rc8 Bb6 28. Bc5 1-0

[Event "Kurikka We KurVi A"]
[Site "Kurikka"]
[Date "2016.05.21"]
[Round "2"]
[White "Skrjabin, Igor"]
[Black "Julkunen, Tapio"]
[Result "1/2-1/2"]
[WhiteElo "2023"]
[BlackElo "1942"]
[PlyCount "29"]
[EventDate "2016.05.21"]
[EventType "swiss"]
[EventRounds "5"]
[EventCountry "FIN"]
[SourceTitle "EXT 2022"]
[Source "ChessBase"]
[SourceDate "2021.10.06"]
[SourceVersion "1"]
[SourceVersionDate "2021.10.06"]
[SourceQuality "1"]

1. e4 c5 2. f4 Nc6 3. Nf3 g6 4. Bc4 Bg7 5. 0-0 e6 6. d3 Nge7 7. c3 0-0 8. Be3 d5 9. Bb3 b6 10. Nbd2 Bb7 11. Qe1 d4 12. cxd4 cxd4 13. Bf2 Nb4 14. Qb1 Rc8 15. Nc4 1/2-1/2

[Event "Kokkola We KokkSK"]
[Site "Kokkola"]
[Date "2016.03.19"]
[Round "3"]
[White "Julkunen, Tapio"]
[Black "Lahti, Jouko"]
[Result "1/2-1/2"]
[WhiteElo "1940"]
[BlackElo "1991"]
[PlyCount "43"]
[EventDate "2016.03.19"]
[EventType "swiss"]
[EventRounds "5"]
[EventCountry "FIN"]
[SourceTitle "EXT 2022"]
[Source "ChessBase"]
[SourceDate "2021.10.06"]
[SourceVersion "1"]
[SourceVersionDate "2021.10.06"]
[SourceQuality "1"]

1. d4 Nf6 2. c4 e6 3. Nc3 Bb4 4. Nf3 b6 5. e3 Bb7 6. Bd3 0-0 7. Qc2 d6 8. a3 Bxc3+ 9. Qxc3 Ne4 10. Qc2 f5 11. b4 Ng5 12. Nxg5 Qxg5 13. f3 Qh4+ 14. Qf2 Qh5 15. Bb2 Nd7 16. Rc1 c5 17. dxc5 dxc5 18. Qg3 e5 19. 0-0 Rae8 20. Rcd1 Rf6 21. Be2 Rg6 22. Qf2 1/2-1/2

[Event "FIN-chT1A 1516"]
[Site "Finland"]
[Date "2015.09.13"]
[Round "2.8"]
[White "Julkunen, Tapio"]
[Black "Salonen, Mikko"]
[Result "1/2-1/2"]
[WhiteElo "1934"]
[BlackElo "1864"]
[PlyCount "142"]
[EventDate "2015.09.12"]
[EventType "team-tourn"]
[EventRounds "8"]
[EventCountry "FIN"]
[SourceTitle "EXT 2017"]
[Source "ChessBase"]
[SourceDate "2016.10.25"]
[SourceVersion "1"]
[SourceVersionDate "2016.10.25"]
[SourceQuality "1"]
[WhiteTeam "Vaasa VSS"]
[BlackTeam "Tampere Tammer II"]
[WhiteTeamCountry "FIN"]
[BlackTeamCountry "FIN"]

1. d4 d5 2. c4 dxc4 3. e3 e5 4. Bxc4 exd4 5. exd4 Nf6 6. Nf3 Bd6 7. 0-0 0-0 8. h3 h6 9. Nc3 Nc6 10. Be3 Bf5 11. Nh4 Bh7 12. Bd3 Re8 13. Bxh7+ Kxh7 14. Nf3 Qd7 15. Qd3+ g6 16. a3 Rad8 17. Rad1 a6 18. Qd2 Bf8 19. Qc2 Nd5 20. Nxd5 Qxd5 21. Rc1 Bg7 22. Rfd1 Qe6 23. Qc4 Qxc4 24. Rxc4 Rd5 25. Rdc1 Red8 26. Rxc6 bxc6 27. Rxc6 Rb5 28. b4 a5 29. Rxc7 axb4 30. axb4 Kg8 31. g4 Rxb4 32. Kg2 Rb5 33. h4 Kf8 34. Ra7 Rbd5 35. Rb7 R5d7 36. Rb5 Ke7 37. Ne5 Bxe5 38. Rxe5+ Kf6 39. g5+ Kg7 40. gxh6+ Kh7 41. h5 Rxd4 42. hxg6+ fxg6 43. Re7+ Kh8 44. Bxd4+ Rxd4 45. Rg7 Rg4+ 46. Kf3 Rg5 47. Kf4 Rf5+ 48. Ke3 Re5+ 49. Kf3 Rf5+ 50. Kg2 Rg5+ 51. Kf1 Rg4 52. f3 Rh4 53. Rxg6 Kh7 54. Rg2 Rxh6 55. Ke2 Rg6 56. Rf2 Kg7 57. f4 Rg3 58. Rh2 Kf6 59. Kf2 Ra3 60. Rh5 Rb3 61. Re5 Ra3 62. Re3 Rxe3 63. Kxe3 Kf5 64. Kf3 Kf6 65. Ke4 Ke6 66. f5+ Kf6 67. Kf4 Kf7 68. Ke5 Ke7 69. f6+ Kf7 70. Kf5 Kf8 71. Ke6 Ke8 1/2-1/2

[Event "Turku TuTS Weekend A"]
[Site "Turku"]
[Date "2014.11.30"]
[Round "4"]
[White "Kunnas, Erkki"]
[Black "Julkunen, Tapio"]
[Result "1/2-1/2"]
[WhiteElo "1900"]
[BlackElo "1956"]
[PlyCount "131"]
[EventDate "2014.11.28"]
[EventType "swiss"]
[EventRounds "5"]
[EventCountry "FIN"]
[SourceTitle "EXT 2022"]
[Source "ChessBase"]
[SourceDate "2021.10.06"]
[SourceVersion "1"]
[SourceVersionDate "2021.10.06"]
[SourceQuality "1"]

1. e4 c5 2. b4 cxb4 3. a3 Nc6 4. axb4 Nxb4 5. c3 Nc6 6. d4 e6 7. d5 exd5 8. exd5 Qe7+ 9. Be3 Ne5 10. Be2 g6 11. Qd2 d6 12. f4 Ng4 13. Bb5+ Kd8 14. Ke2 Bg7 15. h3 Nxe3 16. Qxe3 Qxe3+ 17. Kxe3 Nf6 18. Bc4 b5 19. Bxb5 Nxd5+ 20. Kd2 Bb7 21. Ne2 Kc7 22. Rf1 Nf6 23. Rg1 Ne4+ 24. Kc2 Rhc8 25. Ra3 a6 26. Bc4 d5 27. Ba2 Bf8 28. Rb3 Bc6 29. Rb2 Bc5 30. Rd1 Rd8 31. Nd4 Bb7 32. Nf3 f6 33. Rxb7+ Kxb7 34. Bxd5+ Rxd5 35. Rxd5 Kc6 36. Rd1 Re8 37. Nd4+ Bxd4 38. Rxd4 Nc5 39. Rd2 Re4 40. Rf2 Re3 41. Nd2 Nd3 42. Nc4 Nxf2 43. Nxe3 Kc5 44. f5 Ne4 45. Kd3 Nd6 46. fxg6 hxg6 47. Ng4 Ne8 48. Nf2 a5 49. Ne4+ Kb5 50. c4+ Kb4 51. c5 Kb5 52. Kd4 Kc6 53. Kc4 f5 54. Nc3 Nf6 55. Nb5 Ne4 56. Nd4+ Kc7 57. Ne6+ Kc6 58. Nd4+ Kc7 59. Kb5 a4 60. Kxa4 Nxc5+ 61. Kb5 Kd6 62. Kc4 Ne4 63. Nf3 Ke6 64. Kd4 Kf6 65. Ke3 g5 66. g4 1/2-1/2

[Event "FIN-chT1A 1415"]
[Site "Finland"]
[Date "2014.11.16"]
[Round "4.7"]
[White "Julkunen, Tapio"]
[Black "Reed, Darren"]
[Result "1/2-1/2"]
[WhiteElo "1936"]
[BlackElo "2028"]
[PlyCount "105"]
[EventDate "2014.09.27"]
[EventType "team-tourn"]
[EventRounds "7"]
[EventCountry "FIN"]
[SourceTitle "EXT 2017"]
[Source "ChessBase"]
[SourceDate "2016.10.25"]
[SourceVersion "1"]
[SourceVersionDate "2016.10.25"]
[SourceQuality "1"]
[WhiteTeam "Vaasa VSS"]
[BlackTeam "Tampere Tammer II"]
[WhiteTeamCountry "FIN"]
[BlackTeamCountry "FIN"]

1. d4 Nf6 2. Nf3 g6 3. c4 c5 4. Nc3 cxd4 5. Nxd4 Nc6 6. e4 d6 7. Be2 Bg7 8. Be3 0-0 9. 0-0 Nxd4 10. Bxd4 b6 11. Qd2 Bb7 12. f3 Rc8 13. Rac1 Qd7 14. b3 Rfd8 15. Rfe1 Ne8 16. Be3 Nc7 17. Bf1 Ne6 18. Nd5 Bxd5 19. exd5 Nc5 20. Bg5 Re8 21. h4 h5 22. b4 Nb7 23. Bd3 a5 24. b5 Nc5 25. Bb1 e5 26. dxe6 Rxe6 27. Rxe6 Qxe6 28. Bf4 Qf6 29. Bg5 Qe6 30. Bf4 Qf6 31. Bg3 Rd8 32. Rd1 Qe6 33. Qd5 Qe3+ 34. Bf2 Qe5 35. Bxc5 Qxd5 36. Rxd5 bxc5 37. Rd1 Bd4+ 38. Kf1 d5 39. cxd5 Rxd5 40. Be4 Rd6 41. a4 Rb6 42. Bc6 Kg7 43. Re1 Bf6 44. Rc1 Bd4 45. Ke2 Kf6 46. Kd3 Ke5 47. Re1+ Kd6 48. Re8 Bf2 49. Rd8+ Ke5 50. Kc4 Bxh4 51. Re8+ Kf4 52. Kxc5 Bf2+ 53. Kc4 1/2-1/2

[Event "Raahe We RaahLi"]
[Site "Raahe"]
[Date "2014.11.02"]
[Round "4"]
[White "Julkunen, Tapio"]
[Black "Pitkaaho, Arto"]
[Result "0-1"]
[WhiteElo "1985"]
[BlackElo "2046"]
[PlyCount "120"]
[EventDate "2014.11.01"]
[EventType "swiss"]
[EventRounds "5"]
[EventCountry "FIN"]
[SourceTitle "EXT 2022"]
[Source "ChessBase"]
[SourceDate "2021.10.06"]
[SourceVersion "1"]
[SourceVersionDate "2021.10.06"]
[SourceQuality "1"]

1. d4 e6 2. c4 f5 3. Nf3 Nf6 4. Nc3 Bb4 5. Bd2 0-0 6. Qc2 Bxc3 7. Bxc3 Ne4 8. e3 b6 9. 0-0-0 d6 10. h4 Nd7 11. Bd3 Ndf6 12. Rde1 Qe7 13. Ng5 Bb7 14. f3 Nxc3 15. Qxc3 d5 16. e4 fxe4 17. fxe4 dxe4 18. Nxe4 Qd7 19. Ng5 Rae8 20. Re2 h6 21. Bg6 Re7 22. Ne4 Nxe4 23. Bxe4 Bxe4 24. Rxe4 Ref7 25. Rhe1 Qd6 26. Rxe6 Qf4+ 27. Qe3 Qxh4 28. Re8 Rxe8 29. Qxe8+ Rf8 30. Qe6+ Kh8 31. Qe3 c5 32. dxc5 Qxc4+ 33. Kb1 bxc5 34. b3 Qd5 35. g4 c4 36. Kb2 cxb3 37. axb3 Qg2+ 38. Ka3 Qxg4 39. Qxa7 Qg2 40. Rg1 Ra8 41. Rxg2 Rxa7+ 42. Kb4 g5 43. Kc5 Kg7 44. b4 Kg6 45. b5 h5 46. b6 Rf7 47. Rd2 g4 48. Rd6+ Kg5 49. Rc6 g3 50. Rc7 Rf1 51. Rg7+ Kh4 52. Kd4 Kh3 53. Ke3 h4 54. b7 Rb1 55. Kf3 Kh2 56. Rg4 Rb3+ 57. Kf4 Kh3 58. Kg5 Rb5+ 59. Kf4 Rxb7 60. Rg8 Rf7+ 0-1

[Event "FIN-chT1A 1415"]
[Site "Finland"]
[Date "2014.10.18"]
[Round "2.6"]
[White "Julkunen, Tapio"]
[Black "Kumpulainen, Kalle"]
[Result "1/2-1/2"]
[WhiteElo "1936"]
[BlackElo "2007"]
[PlyCount "82"]
[EventDate "2014.09.27"]
[EventType "team-tourn"]
[EventRounds "7"]
[EventCountry "FIN"]
[SourceTitle "EXT 2017"]
[Source "ChessBase"]
[SourceDate "2016.10.25"]
[SourceVersion "1"]
[SourceVersionDate "2016.10.25"]
[SourceQuality "1"]
[WhiteTeam "Vaasa VSS"]
[BlackTeam "Vantaa Remi"]
[WhiteTeamCountry "FIN"]
[BlackTeamCountry "FIN"]

1. d4 Nf6 2. Nf3 e6 3. c4 d5 4. Nc3 Be7 5. e3 0-0 6. Bd3 Nbd7 7. 0-0 c5 8. cxd5 exd5 9. Bc2 cxd4 10. exd4 Nb8 11. Ne5 Nc6 12. Be3 Qb6 13. Qd2 Rd8 14. Rad1 Ng4 15. Nxg4 Bxg4 16. f3 Be6 17. Na4 Qb4 18. Qd3 g6 19. a3 Qa5 20. b4 Qc7 21. Qd2 Bd6 22. g3 Rac8 23. Bd3 Bh3 24. Rf2 f6 25. Bf1 Bf5 26. Nc5 b6 27. Nd3 Ne7 28. g4 Bxd3 29. Bxd3 Qc3 30. Ba6 Rc7 31. Qxc3 Rxc3 32. Rd3 Rdc8 33. Rfd2 R8c7 34. Rxc3 Rxc3 35. Rd3 Rc2 36. Rd2 Rc3 37. Rd3 Rc2 38. Rd2 Rc1+ 39. Kg2 Rc3 40. Rd3 Rc2+ 41. Rd2 Rc3 1/2-1/2

[Event "Pori We PSY"]
[Site "Pori"]
[Date "2014.10.12"]
[Round "5"]
[White "Julkunen, Tapio"]
[Black "Maki, Juha"]
[Result "1-0"]
[WhiteElo "1949"]
[BlackElo "1999"]
[PlyCount "89"]
[EventDate "2014.10.11"]
[EventType "swiss"]
[EventRounds "5"]
[EventCountry "FIN"]
[SourceTitle "EXT 2022"]
[Source "ChessBase"]
[SourceDate "2021.10.06"]
[SourceVersion "1"]
[SourceVersionDate "2021.10.06"]
[SourceQuality "1"]

1. d4 e6 2. Nf3 d5 3. c4 Bb4+ 4. Bd2 a5 5. e3 Nf6 6. Nc3 c6 7. Bd3 Nbd7 8. 0-0 0-0 9. a3 Bxc3 10. Bxc3 Ne4 11. Qc2 f5 12. cxd5 exd5 13. b4 axb4 14. axb4 Rxa1 15. Rxa1 Rf6 16. Qb3 b5 17. Be1 g5 18. Rc1 Kh8 19. Ne5 g4 20. Nxc6 Qc7 21. Qc2 Ba6 22. Ne5 Qxc2 23. Rxc2 Nxe5 24. dxe5 Re6 25. Kf1 Kg8 26. f3 Ng5 27. Bh4 h6 28. Bxg5 hxg5 29. f4 gxf4 30. exf4 Rh6 31. Kg1 d4 32. Rc5 Bb7 33. Bxf5 Ra6 34. Rc2 Bd5 35. Kf2 Bc4 36. Rd2 Ra4 37. Rxd4 Rxb4 38. Be6+ Kg7 39. Bxc4 bxc4 40. Kg3 Kg6 41. Kxg4 Rb2 42. Rd6+ Kf7 43. g3 Rxh2 44. Rc6 Rc2 45. Kf5 1-0

[Event "Naantali op"]
[Site "Naantali"]
[Date "2014.07.06"]
[Round "9"]
[White "Julkunen, Tapio"]
[Black "Linden, Lari"]
[Result "1/2-1/2"]
[WhiteElo "1921"]
[BlackElo "2039"]
[PlyCount "62"]
[EventDate "2014.06.30"]
[EventType "swiss"]
[EventRounds "9"]
[EventCountry "FIN"]
[SourceTitle "CBM 161 Extra"]
[Source "ChessBase"]
[SourceDate "2014.08.29"]
[SourceVersion "1"]
[SourceVersionDate "2014.08.29"]
[SourceQuality "1"]

1. d4 d5 2. c4 c6 3. cxd5 cxd5 4. Nf3 Nf6 5. Nc3 Nc6 6. Bf4 e6 7. e3 Be7 8. Bd3 0-0 9. h3 Bd6 10. Bxd6 Qxd6 11. 0-0 e5 12. dxe5 Nxe5 13. Nxe5 Qxe5 14. Qa4 Bd7 15. Qd4 Qxd4 16. exd4 Rfe8 17. Rfe1 Kf8 18. f3 Bc6 19. Kf2 Nh5 20. g3 Nf6 21. Nb5 Bxb5 22. Bxb5 Rxe1 23. Rxe1 Rc8 24. Bd3 Rc6 25. Re2 Rc1 26. Rc2 Rxc2+ 27. Bxc2 Ke7 28. Bf5 Kd6 29. Ke3 h6 30. g4 Ne8 31. Bd3 g5 1/2-1/2

[Event "Naantali op"]
[Site "Naantali"]
[Date "2014.07.05"]
[Round "8"]
[White "Julkunen, Tapio"]
[Black "Vaentsi, Timo"]
[Result "1/2-1/2"]
[WhiteElo "1921"]
[BlackElo "2060"]
[PlyCount "48"]
[EventDate "2014.06.30"]
[EventType "swiss"]
[EventRounds "9"]
[EventCountry "FIN"]
[SourceTitle "CBM 161 Extra"]
[Source "ChessBase"]
[SourceDate "2014.08.29"]
[SourceVersion "1"]
[SourceVersionDate "2014.08.29"]
[SourceQuality "1"]

1. d4 Nf6 2. c4 g6 3. Nc3 Bg7 4. e4 d6 5. Nf3 0-0 6. Be2 e5 7. 0-0 Nc6 8. Be3 Re8 9. dxe5 dxe5 10. Qxd8 Rxd8 11. Bg5 Rf8 12. h3 Be6 13. Rfd1 h6 14. Be3 Rad8 15. Rac1 a6 16. Kh2 Rxd1 17. Rxd1 Rd8 18. Rxd8+ Nxd8 19. Kg1 Nc6 20. Bf1 Kf8 21. Bc5+ Ke8 22. Bd3 Nd7 23. Be3 Nd4 24. Nd2 Nc5 1/2-1/2

[Event "Naantali op"]
[Site "Naantali"]
[Date "2014.06.30"]
[Round "1"]
[White "Levo, Niko"]
[Black "Julkunen, Tapio"]
[Result "0-1"]
[WhiteElo "1498"]
[BlackElo "1921"]
[PlyCount "52"]
[EventDate "2014.06.30"]
[EventType "swiss"]
[EventRounds "9"]
[EventCountry "FIN"]
[SourceTitle "CBM 161 Extra"]
[Source "ChessBase"]
[SourceDate "2014.08.29"]
[SourceVersion "1"]
[SourceVersionDate "2014.08.29"]
[SourceQuality "1"]

1. e4 c5 2. Nf3 d6 3. d4 cxd4 4. Nxd4 Nf6 5. Nc3 a6 6. Be3 e6 7. Be2 Be7 8. Qd2 b5 9. b4 0-0 10. 0-0 Bb7 11. Bf3 Qc7 12. e5 dxe5 13. Bxb7 Qxb7 14. Nf3 Bxb4 15. Ng5 Qc6 16. Qd3 Bxc3 17. Rad1 Nbd7 18. Nxh7 Nxh7 19. Qxd7 Qxd7 20. Rxd7 Nf6 21. Rd3 Nd5 22. Bc1 Rfc8 23. g3 Bd4 24. Rd2 Rc4 25. Kg2 Rac8 26. Rfd1 Rxc2 0-1

[Event "Espoo We MatSK"]
[Site "Espoo"]
[Date "2014.02.21"]
[Round "1"]
[White "Kosmo, Santul"]
[Black "Julkunen, Tapio"]
[Result "0-1"]
[WhiteElo "2237"]
[BlackElo "1916"]
[PlyCount "124"]
[EventDate "2014.02.21"]
[EventType "swiss"]
[EventRounds "5"]
[EventCountry "FIN"]
[SourceTitle "EXT 2022"]
[Source "ChessBase"]
[SourceDate "2021.10.06"]
[SourceVersion "1"]
[SourceVersionDate "2021.10.06"]
[SourceQuality "1"]

1. e4 c5 2. Nf3 d6 3. d4 cxd4 4. Nxd4 Nf6 5. Nc3 a6 6. Bg5 e6 7. f4 Qb6 8. Qd2 Qxb2 9. Nb3 Qa3 10. Bxf6 gxf6 11. Be2 Qb4 12. 0-0 Qb6+ 13. Kh1 Bd7 14. Bh5 Be7 15. Rf3 Nc6 16. Re1 0-0-0 17. Bxf7 Kb8 18. Nd5 exd5 19. exd5 Ne5 20. fxe5 dxe5 21. Qd3 Rdf8 22. Bh5 Bd6 23. c4 f5 24. c5 Bxc5 25. Nxc5 Qxc5 26. Rxe5 Qc1+ 27. Rf1 Qg5 28. Be2 Rhg8 29. Qf3 Re8 30. Rxe8+ Rxe8 31. Qf2 Qe3 32. Qxe3 Rxe3 33. Bf3 Kc7 34. Kg1 Kd6 35. Rb1 b5 36. Kf2 Rc3 37. Rb2 f4 38. g3 fxg3+ 39. Kxg3 a5 40. Kf4 b4 41. h4 Rc4+ 42. Kg5 h6+ 43. Kxh6 Rxh4+ 44. Kg5 Rd4 45. Rh2 a4 46. Rh6+ Kc5 47. Rh7 Bb5 48. Rc7+ Kb6 49. Rc2 b3 50. axb3 axb3 51. Rb2 Bc4 52. Kf5 Kc5 53. Ke5 Rd3 54. Be4 Rd1 55. Rh2 Bxd5 56. Bxd5 Rxd5+ 57. Ke4 Rd8 58. Rg2 Kc4 59. Rg1 b2 60. Ke3 Kc3 61. Rh1 Re8+ 62. Kf3 Kb3 0-1

[Event "Helsinki We Garde 9th Group A"]
[Site "Helsinki"]
[Date "2013.09.14"]
[Round "2"]
[White "Julkunen, Tapio"]
[Black "Huttunen, Jarkko"]
[Result "1-0"]
[WhiteElo "1929"]
[BlackElo "1853"]
[PlyCount "79"]
[EventDate "2013.09.13"]
[EventType "swiss"]
[EventRounds "5"]
[EventCountry "FIN"]
[SourceTitle "EXT 2022"]
[Source "ChessBase"]
[SourceDate "2021.10.06"]
[SourceVersion "1"]
[SourceVersionDate "2021.10.06"]
[SourceQuality "1"]

1. d4 Nf6 2. Nf3 e6 3. c4 b6 4. g3 Bb7 5. Bg2 Bb4+ 6. Bd2 Qe7 7. 0-0 Bxd2 8. Qxd2 0-0 9. Nc3 d6 10. Qc2 Rd8 11. Rac1 c5 12. Rfd1 Na6 13. b3 Nb4 14. Qb1 cxd4 15. Rxd4 Nc6 16. Rd2 a6 17. Rcd1 Qc7 18. Ng5 h6 19. Nge4 Ne8 20. f4 Ne7 21. Qb2 f5 22. Nf2 Bxg2 23. Kxg2 Rac8 24. Rd3 Nf6 25. Kg1 Qc5 26. Na4 Qc6 27. Qd4 b5 28. cxb5 axb5 29. Rc3 Qb7 30. Rxc8 Qxc8 31. Nc3 Qb7 32. Qb4 Ned5 33. Nxd5 Nxd5 34. Qd4 b4 35. e4 Nc3 36. Re1 Qb5 37. Qd3 Qxd3 38. Nxd3 fxe4 39. Nxb4 d5 40. Nc6 1-0

[Event "FIN-chT1 West 1213"]
[Site "Finland"]
[Date "2013.03.09"]
[Round "7.6"]
[White "Mustonen, Ilkka"]
[Black "Julkunen, Tapio"]
[Result "1-0"]
[WhiteElo "2055"]
[BlackElo "1922"]
[PlyCount "83"]
[EventDate "2012.09.29"]
[EventType "team-tourn"]
[EventRounds "7"]
[EventCountry "FIN"]
[SourceTitle "EXT 2019"]
[Source "ChessBase"]
[SourceDate "2018.10.10"]
[SourceVersion "1"]
[SourceVersionDate "2018.10.10"]
[SourceQuality "1"]
[WhiteTeam "Helsinki HSK II"]
[BlackTeam "Vaasa VSS"]
[WhiteTeamCountry "FIN"]
[BlackTeamCountry "FIN"]

1. c4 e6 2. g3 Nf6 3. Bg2 d5 4. Nf3 Be7 5. 0-0 0-0 6. b3 Nbd7 7. Bb2 c6 8. d3 Re8 9. Nbd2 Bf8 10. Qc2 g6 11. Rfd1 Qb6 12. Rab1 Bg7 13. b4 Qc7 14. Rdc1 Qd8 15. e4 dxe4 16. dxe4 Ng4 17. Bxg7 Kxg7 18. c5 Qf6 19. Nc4 h5 20. Qe2 Rh8 21. e5 Qe7 22. h4 Nh6 23. Nd6 Nf5 24. b5 Nb8 25. Ng5 Nxd6 26. cxd6 Qd7 27. Qf3 Rf8 28. Qf6+ Kg8 29. Ne4 a6 30. Qg5 Qd8 31. Qh6 f5 32. Qxg6+ Kh8 33. Qh6+ Kg8 34. Nf6+ Rxf6 35. exf6 Qf8 36. Qg6+ Kh8 37. Qxh5+ Kg8 38. Qg6+ Kh8 39. bxc6 Nxc6 40. Bxc6 bxc6 41. Rxc6 Bd7 42. Rc7 1-0

[Event "Espoo We MatSK A"]
[Site "Espoo"]
[Date "2013.02.23"]
[Round "2"]
[White "Julkunen, Tapio"]
[Black "Bergman, Thomas"]
[Result "1-0"]
[WhiteElo "1929"]
[BlackElo "1862"]
[PlyCount "127"]
[EventDate "2013.02.22"]
[EventType "swiss"]
[EventRounds "5"]
[EventCountry "FIN"]
[SourceTitle "EXT 2022"]
[Source "ChessBase"]
[SourceDate "2021.10.06"]
[SourceVersion "1"]
[SourceVersionDate "2021.10.06"]
[SourceQuality "1"]

1. d4 d5 2. c4 c6 3. e3 Nf6 4. Nc3 g6 5. Nf3 Bg7 6. Be2 0-0 7. 0-0 Nbd7 8. b3 Re8 9. Bb2 Ne4 10. cxd5 Nxc3 11. Bxc3 cxd5 12. Rc1 Nf6 13. Bb2 Qa5 14. a3 Bg4 15. h3 Bf5 16. Rc5 Qb6 17. Nh4 Be6 18. Nf3 Ne4 19. Rc1 Rac8 20. Qd3 a6 21. b4 Bf5 22. Qb3 Be6 23. Qa4 Qd6 24. Bd3 b5 25. Qd1 Rxc1 26. Qxc1 Rc8 27. Qa1 Bf5 28. Rc1 Qd8 29. Bxe4 Bxe4 30. Nd2 Bd3 31. Rxc8 Qxc8 32. Qc1 Qc2 33. Qxc2 Bxc2 34. Kf1 f6 35. Ke2 e5 36. Nf3 e4 37. Ne1 Bb3 38. Kd2 Kf7 39. f3 f5 40. Ke2 Ke6 41. Kf2 Bh6 42. g3 g5 43. Ng2 Bd1 44. f4 gxf4 45. exf4 Bg7 46. Ne3 Bf3 47. g4 fxg4 48. hxg4 Bf8 49. Bc3 Be7 50. Kg3 Bd6 51. Bd2 h5 52. gxh5 Bxh5 53. Kh4 Bf7 54. Kg4 Kf6 55. Be1 Bc7 56. Bh4+ Kg6 57. Bg3 Kf6 58. Bh4+ Kg6 59. f5+ Kg7 60. Bg3 Bxg3 61. Kxg3 Kf6 62. Kf4 Be8 63. Nxd5+ Kf7 64. Kxe4 1-0

[Event "Kuopio We KSY"]
[Site "Kuopio"]
[Date "2013.??.??"]
[Round "2"]
[White "Julkunen, Tapio"]
[Black "Auvinen, Esa"]
[Result "0-1"]
[WhiteElo "1929"]
[BlackElo "1938"]
[PlyCount "68"]
[EventDate "2013.??.??"]
[EventType "swiss"]
[EventRounds "5"]
[EventCountry "FIN"]
[SourceTitle "EXT 2022"]
[Source "ChessBase"]
[SourceDate "2021.10.06"]
[SourceVersion "1"]
[SourceVersionDate "2021.10.06"]
[SourceQuality "1"]

1. d4 Nf6 2. c4 e6 3. Nf3 d5 4. Nc3 Be7 5. e3 a6 6. Bd3 dxc4 7. Bxc4 b5 8. Bd3 Bb7 9. 0-0 Nbd7 10. a3 c5 11. Qe2 0-0 12. Bc2 Qb6 13. Rd1 Rfd8 14. e4 cxd4 15. Nxd4 Ne5 16. Bf4 Nc4 17. Nb3 Nxb2 18. Rdb1 Nc4 19. e5 Qc6 20. f3 Nd5 21. Nxd5 exd5 22. Qd3 g6 23. Nd4 Bc5 24. Kh1 Qb6 25. Ne2 Re8 26. Nc3 Nxe5 27. Nxd5 Nxd3 28. Nxb6 Nxf4 29. Nxa8 Bxa8 30. Rd1 Bc6 31. Bb3 Nh3 32. Bd5 Nf2+ 33. Kg1 Nxd1+ 34. Kf1 Bxd5 0-1

[Event "Kuopio We KSY"]
[Site "Kuopio"]
[Date "2013.??.??"]
[Round "5"]
[White "Julkunen, Tapio"]
[Black "Hartikainen, Jarmo"]
[Result "1/2-1/2"]
[WhiteElo "1929"]
[BlackElo "2207"]
[PlyCount "30"]
[EventDate "2013.??.??"]
[EventType "swiss"]
[EventRounds "5"]
[EventCountry "FIN"]
[SourceTitle "EXT 2022"]
[Source "ChessBase"]
[SourceDate "2021.10.06"]
[SourceVersion "1"]
[SourceVersionDate "2021.10.06"]
[SourceQuality "1"]

1. d4 Nf6 2. Nf3 g6 3. c4 Bg7 4. Nc3 d5 5. cxd5 Nxd5 6. e4 Nxc3 7. bxc3 0-0 8. Be2 c5 9. 0-0 Nc6 10. Be3 cxd4 11. cxd4 f5 12. Qb3+ e6 13. exf5 Rxf5 14. Rfd1 Na5 15. Qc3 Bd7 1/2-1/2

[Event "Salo We SalSK"]
[Site "Salo"]
[Date "2013.??.??"]
[Round "4"]
[White "Julkunen, Tapio"]
[Black "Tocklin, Tomi"]
[Result "1-0"]
[WhiteElo "1929"]
[BlackElo "1817"]
[PlyCount "43"]
[EventDate "2013.??.??"]
[EventType "swiss"]
[EventRounds "5"]
[EventCountry "FIN"]
[SourceTitle "EXT 2022"]
[Source "ChessBase"]
[SourceDate "2021.10.06"]
[SourceVersion "1"]
[SourceVersionDate "2021.10.06"]
[SourceQuality "1"]

1. d4 Nf6 2. Nf3 c5 3. c4 g6 4. Nc3 cxd4 5. Nxd4 Nc6 6. e4 Bg7 7. Be3 0-0 8. Be2 d6 9. 0-0 Bd7 10. Qd2 Nxd4 11. Bxd4 Bc6 12. f3 Nd7 13. Be3 a5 14. Rac1 Nc5 15. b3 b6 16. Rfe1 Rc8 17. Bf1 Kh8 18. Bf2 Bb7 19. Bh4 Qc7 20. Rcd1 Ne6 21. Nd5 Bxd5 22. exd5 1-0